[Event "Reykjavik op"]
[Site "Reykjavik"]
[Date "2023.04.04"]
[Round "9"]
[White "Dasgupta, Avyukt"]
[Black "Gudnyjarson, Sigurdur Pall"]
[Result "1-0"]
[WhiteElo "1896"]
[BlackElo "1664"]
[PlyCount "93"]
[EventDate "2023.03.29"]
[EventType "swiss"]
[EventRounds "9"]
[EventCountry "ISL"]
[SourceTitle "EXT 2024"]
[Source "ChessBase"]
[SourceDate "2023.10.10"]
[SourceVersion "1"]
[SourceVersionDate "2023.10.10"]
[SourceQuality "1"]

1. d4 d5 2. Bf4 c5 3. e3 Nc6 4. c3 Nf6 5. Nf3 Qb6 6. Qb3 c4 7. Qc2 Bf5 8. Qc1 e6 9. Nbd2 Be7 10. Be2 h6 11. h3 0-0 12. b3 Qa5 13. b4 Qb6 14. a4 Rfc8 15. Ne5 Nxe5 16. Bxe5 Ne4 17. Nxe4 Bxe4 18. f3 Bg6 19. 0-0 f6 20. Bg3 Bd6 21. Bxd6 Qxd6 22. Qd2 a6 23. Rae1 Qc6 24. Bd1 Bd3 25. Rf2 Re8 26. Bc2 Bxc2 27. Qxc2 e5 28. Rfe2 exd4 29. exd4 Rxe2 30. Qxe2 Qd7 31. Qe6+ Qf7 32. Qd6 Re8 33. Rxe8+ Qxe8 34. Qxd5+ Kh8 35. Qxc4 Qe1+ 36. Kh2 Qe3 37. d5 Qe5+ 38. f4 Qd6 39. Qd4 Kg8 40. c4 Kf7 41. c5 Qd7 42. d6 Ke8 43. Qd5 Kd8 44. Qg8+ Qe8 45. Qxg7 Qxa4 46. Qc7+ Ke8 47. Qe7# 1-0

[Event "Nordic-chT U13"]
[Site "Fredericia"]
[Date "2023.01.22"]
[Round "5.2"]
[White "Hansen, August"]
[Black "Gudnyjarson, Sigurdur Pall"]
[Result "1/2-1/2"]
[WhiteElo "1492"]
[BlackElo "1501"]
[PlyCount "70"]
[EventDate "2023.01.20"]
[EventType "team-tourn"]
[EventRounds "5"]
[EventCountry "DEN"]
[SourceTitle "CBM 213 Extra"]
[Source "ChessBase"]
[SourceDate "2023.05.31"]
[SourceVersion "1"]
[SourceVersionDate "2023.05.31"]
[SourceQuality "1"]
[WhiteTeam "Denmark II"]
[BlackTeam "Iceland"]
[WhiteTeamCountry "DEN"]
[BlackTeamCountry "ISL"]

1. e4 c6 2. d4 d5 3. exd5 cxd5 4. Bd3 Nc6 5. c3 Nf6 6. Bf4 e6 7. Nd2 Bd6 8. Bxd6 Qxd6 9. Ngf3 0-0 10. 0-0 a6 11. Qc2 b5 12. Nb3 h6 13. Rfe1 b4 14. c4 dxc4 15. Qxc4 a5 16. Rac1 Ba6 17. Qxc6 Qxc6 18. Rxc6 Bxd3 19. Ne5 Be4 20. Rc5 a4 21. Na5 Bd5 22. Nac4 Rac8 23. Nb6 Rxc5 24. dxc5 Bxa2 25. Nxa4 Rc8 26. c6 Bd5 27. Rc1 Rc7 28. Nb6 Kf8 29. Nd3 Rxc6 30. Rxc6 Bxc6 31. Nxb4 Bb5 32. Nc8 Bd7 33. Nb6 Bb5 34. Nc8 Bd7 35. Nb6 Bb5 1/2-1/2

[Event "Nordic-chT U13"]
[Site "Fredericia"]
[Date "2023.01.21"]
[Round "4.2"]
[White "Gudnyjarson, Sigurdur Pall"]
[Black "Nordahl, Christine"]
[Result "1-0"]
[WhiteElo "1501"]
[BlackElo "1277"]
[PlyCount "131"]
[EventDate "2023.01.20"]
[EventType "team-tourn"]
[EventRounds "5"]
[EventCountry "DEN"]
[SourceTitle "CBM 213 Extra"]
[Source "ChessBase"]
[SourceDate "2023.05.31"]
[SourceVersion "1"]
[SourceVersionDate "2023.05.31"]
[SourceQuality "1"]
[WhiteTeam "Iceland"]
[BlackTeam "Norway"]
[WhiteTeamCountry "ISL"]
[BlackTeamCountry "NOR"]

1. d4 Nf6 2. c4 e6 3. g3 c5 4. d5 exd5 5. cxd5 g6 6. Bg2 d6 7. Nc3 Bg7 8. Nf3 0-0 9. 0-0 Re8 10. h3 Na6 11. Nd2 Nc7 12. Nc4 b5 13. Na5 Ba6 14. Nc6 Qd7 15. a3 Bb7 16. a4 b4 17. Nb5 a6 18. Nxc7 Qxc7 19. Bf4 Nd7 20. Qc2 Bxc6 21. dxc6 Ne5 22. Qe4 Rac8 23. Bxe5 Rxe5 24. Qd3 a5 25. Rfd1 Rd8 26. Qc4 Rde8 27. e3 Rf5 28. Rd2 Rfe5 29. Rad1 R5e6 30. h4 h5 31. Qa6 Rb8 32. Qc4 Rbe8 33. Bd5 R6e7 34. Qf4 Be5 35. Qf3 Bg7 36. Bc4 Rd8 37. Qf4 Qxc6 38. Rxd6 Rxd6 39. Rxd6 Qxa4 40. Rxg6 Qa1+ 41. Kg2 Qxb2 42. Ra6 Qe5 43. Ra8+ Bf8 44. Bxf7+ Kg7 45. Bxh5 Qxf4 46. exf4 c4 47. Rxa5 c3 48. Rg5+ Kh8 49. Bg6 b3 50. Rc5 Bg7 51. Rc8+ Bf8 52. Rxf8+ Kg7 53. Rb8 Kxg6 54. Rxb3 Rc7 55. Rb1 c2 56. Rc1 Kf5 57. Kf3 Rc6 58. Ke2 Ke4 59. Kd2 Kf3 60. Rxc2 Rb6 61. Kc1 Rb5 62. Rd2 Rc5+ 63. Kb2 Kg4 64. Rc2 Rd5 65. Kc3 Rd8 66. Rd2 1-0

[Event "EU-ch U12 30th"]
[Site "Antalya"]
[Date "2022.11.06"]
[Round "1"]
[White "Tudor, Henry Edward"]
[Black "Gudnyjarson, Sigurdur Pall"]
[Result "1-0"]
[WhiteElo "1943"]
[BlackElo "1553"]
[PlyCount "103"]
[EventDate "2022.11.06"]
[EventType "swiss"]
[EventRounds "9"]
[EventCountry "TUR"]
[SourceTitle "EXT 2024"]
[Source "ChessBase"]
[SourceDate "2023.10.10"]
[SourceVersion "1"]
[SourceVersionDate "2023.10.10"]
[SourceQuality "1"]

1. d4 d5 2. c4 e6 3. Nc3 Nf6 4. cxd5 exd5 5. Bg5 c6 6. Qc2 Bd6 7. e3 0-0 8. Bd3 h6 9. Bh4 a5 10. Nge2 Re8 11. Bg3 Na6 12. a3 Nc7 13. 0-0 Ne6 14. Bxd6 Qxd6 15. Ng3 Ng4 16. Qd2 h5 17. f3 Nxh2 18. Kxh2 h4 19. f4 hxg3+ 20. Kxg3 g5 21. Rh1 gxf4+ 22. exf4 Nxf4 23. Bh7+ Kg7 24. Ne4 dxe4 25. Qxf4 Qxf4+ 26. Kxf4 f5 27. Rh5 Rh8 28. Rg5+ Kf6 29. Bxf5 Bxf5 30. Rxf5+ Kg6 31. Rg5+ Kf6 32. Rg4 Rad8 33. Kxe4 Rhe8+ 34. Kd3 Kf5 35. Rg7 Rg8 36. g4+ Kf6 37. Rxg8 Rxg8 38. Rf1+ Ke6 39. Rf4 Rg5 40. Ke4 c5 41. dxc5 Rxc5 42. Rf5 Rc4+ 43. Kf3 b6 44. Rb5 Rc6 45. g5 Kf7 46. Ke4 Ke6 47. g6 Kf6 48. Kd5 Re6 49. g7 Re8 50. Rxb6+ Kxg7 51. Rb5 Ra8 52. Kc6 1-0

[Event "Reykjavik Kvika op"]
[Site "Reykjavik"]
[Date "2022.04.10"]
[Round "7"]
[White "Saemundarson, Saethor Ingi"]
[Black "Gudnyjarson, Sigurdur Pall"]
[Result "0-1"]
[WhiteElo "1212"]
[BlackElo "1420"]
[PlyCount "54"]
[EventDate "2022.04.06"]
[EventType "swiss"]
[EventRounds "9"]
[EventCountry "ISL"]
[SourceTitle "CBM 207 Extra"]
[Source "ChessBase"]
[SourceDate "2022.05.31"]
[SourceVersion "1"]
[SourceVersionDate "2022.05.31"]
[SourceQuality "1"]

1. e4 e6 2. d4 d5 3. Nc3 Bb4 4. Bd2 dxe4 5. Nxe4 Qxd4 6. Nc3 Nf6 7. Nf3 Qd6 8. Nb5 Bxd2+ 9. Nxd2 Qd7 10. Nc4 Nd5 11. Qd4 0-0 12. Ne5 Qe7 13. Nxa7 Qb4+ 14. Qxb4 Nxb4 15. Nxc8 Nxc2+ 16. Kd1 Nxa1 17. Ne7+ Kh8 18. Bc4 g6 19. Re1 Re8 20. Nxf7+ Kg7 21. Nxg6 hxg6 22. Ng5 e5 23. Ne6+ Kf6 24. Nxc7 Rd8+ 25. Ke2 Ra4 26. b3 Rxa2+ 27. Kf3 Nc2 0-1

[Event "Reykjavik Kvika op"]
[Site "Reykjavik"]
[Date "2022.04.09"]
[Round "5"]
[White "Neilooday, Raj"]
[Black "Gudnyjarson, Sigurdur Pall"]
[Result "0-1"]
[WhiteElo "1201"]
[BlackElo "1420"]
[PlyCount "50"]
[EventDate "2022.04.06"]
[EventType "swiss"]
[EventRounds "9"]
[EventCountry "ISL"]
[SourceTitle "CBM 207 Extra"]
[Source "ChessBase"]
[SourceDate "2022.05.31"]
[SourceVersion "1"]
[SourceVersionDate "2022.05.31"]
[SourceQuality "1"]

1. e4 e6 2. d4 d5 3. exd5 exd5 4. Bd3 Bd6 5. c3 c6 6. Nf3 Nf6 7. Nbd2 0-0 8. 0-0 Re8 9. Nb3 Bg4 10. Bg5 Nbd7 11. h3 Bh5 12. Qc2 h6 13. Bxf6 Nxf6 14. Nh4 Bc7 15. g4 Nxg4 16. Nf3 Nf6 17. Be2 Bxf3 18. Bxf3 Qd6 19. Rfe1 Qh2+ 20. Kf1 Qxh3+ 21. Bg2 Qg4 22. f3 Qf4 23. Nc5 Ng4 24. Nd3 Ne3+ 25. Ke2 Nxc2+ 0-1

[Event "Reykjavik Blitz op"]
[Site "Reykjavik"]
[Date "2022.01.29"]
[Round "4"]
[White "Gudnyjarson, Sigurdur Pall"]
[Black "Thorsteinsdottir, Gudlaug"]
[Result "0-1"]
[WhiteElo "1383"]
[BlackElo "2009"]
[PlyCount "90"]
[EventDate "2022.01.29"]
[EventType "swiss (blitz)"]
[EventRounds "11"]
[EventCountry "ISL"]
[SourceTitle "CBM 206 Extra"]
[Source "ChessBase"]
[SourceDate "2022.03.31"]
[SourceVersion "1"]
[SourceVersionDate "2022.03.31"]
[SourceQuality "1"]

1. d4 d5 2. c4 e6 3. Nc3 Nf6 4. Bg5 Be7 5. e3 c6 6. Nf3 Nbd7 7. cxd5 exd5 8. Bd3 0-0 9. 0-0 Re8 10. Qc2 g6 11. Rfe1 Nf8 12. h3 Ne6 13. Bh4 Ng7 14. Ne5 Nf5 15. Bxf5 Bxf5 16. Qd2 Ne4 17. Nxe4 Bxh4 18. Nc5 Qe7 19. Nf3 Bf6 20. Qb4 b6 21. Na6 c5 22. dxc5 bxc5 23. Qxc5 Qxc5 24. Nxc5 Bxb2 25. Rad1 Rad8 26. Nd4 Bc8 27. Rb1 Ba3 28. Nd3 Ba6 29. Nf4 Bc4 30. Nb3 Rb8 31. Red1 Red8 32. Rbc1 Bxc1 33. Rxc1 Bxb3 34. axb3 Rxb3 35. Ra1 Rb7 36. Rd1 Rbd7 37. e4 dxe4 38. Rxd7 Rxd7 39. f3 exf3 40. gxf3 a5 41. Ne2 a4 42. Nc3 a3 43. Na2 Rd2 44. Nb4 a2 45. Nxa2 Rxa2 0-1

[Event "EU-ch Hybrid U10"]
[Site "Tornelo INT"]
[Date "2021.10.15"]
[Round "8"]
[White "Chankseliani, Davit"]
[Black "Gudnyjarson, Sigurdur Pall"]
[Result "1/2-1/2"]
[WhiteElo "1276"]
[BlackElo "1212"]
[PlyCount "76"]
[EventDate "2021.10.15"]
[EventType "swiss"]
[EventRounds "9"]
[EventCountry "NET"]
[SourceTitle "EXT 2023"]
[Source "ChessBase"]
[SourceDate "2022.10.05"]
[SourceVersion "1"]
[SourceVersionDate "2022.10.05"]
[SourceQuality "1"]
[WhiteTeam "Georgia"]
[BlackTeam "Island"]
[WhiteTeamCountry "GEO"]
[BlackTeamCountry "ISL"]

1. c4 Nf6 2. Nc3 g6 3. Nf3 c5 4. e3 Nc6 5. d4 cxd4 6. exd4 d5 7. h3 Bg7 8. Be3 dxc4 9. Bxc4 e6 10. 0-0 0-0 11. a3 a6 12. a4 Nd5 13. Nxd5 exd5 14. Bd3 Qb6 15. Qe2 Nxd4 16. Nxd4 Bxd4 17. Bxd4 Qxd4 18. Rfd1 Qb6 19. Kh1 Qe6 20. Qd2 Bd7 21. Re1 Qf6 22. Re3 Rfe8 23. Rae1 Rxe3 24. Rxe3 Bxa4 25. Rf3 Qg7 26. Qf4 Bc6 27. h4 h5 28. Rg3 Re8 29. Rg5 Re6 30. Qg3 Kh8 31. Qb8+ Re8 32. Qf4 Re6 33. Qb8+ Qg8 34. Qf4 Qe8 35. Kh2 Qe7 36. Rg3 Qf6 37. Qh6+ Kg8 38. Qxh5 Qxf2 1/2-1/2

[Event "EU-ch Hybrid U10"]
[Site "Tornelo INT"]
[Date "2021.10.15"]
[Round "2"]
[White "Gudnyjarson, Sigurdur Pall"]
[Black "Golis, Wiktor"]
[Result "0-1"]
[WhiteElo "1212"]
[BlackElo "1684"]
[PlyCount "28"]
[EventDate "2021.10.15"]
[EventType "swiss"]
[EventRounds "9"]
[EventCountry "NET"]
[SourceTitle "EXT 2023"]
[Source "ChessBase"]
[SourceDate "2022.10.05"]
[SourceVersion "1"]
[SourceVersionDate "2022.10.05"]
[SourceQuality "1"]
[WhiteTeam "Island"]
[BlackTeam "Poland"]
[WhiteTeamCountry "ISL"]
[BlackTeamCountry "POL"]

1. d4 Nf6 2. c4 e6 3. Nc3 Bb4 4. Qc2 0-0 5. Bg5 h6 6. Bh4 g5 7. Bg3 d5 8. a3 Bxc3+ 9. Qxc3 Ne4 10. Qc2 f5 11. cxd5 Qxd5 12. Bxc7 Nc6 13. Be5 Qa5+ 14. Kd1 Nxf2+ 0-1

[Event "EU-ch Hybrid U10"]
[Site "Tornelo INT"]
[Date "2021.10.15"]
[Round "1"]
[White "Karimli, Yusif"]
[Black "Gudnyjarson, Sigurdur Pall"]
[Result "1-0"]
[WhiteElo "1571"]
[BlackElo "1212"]
[PlyCount "73"]
[EventDate "2021.10.15"]
[EventType "swiss"]
[EventRounds "9"]
[EventCountry "NET"]
[SourceTitle "EXT 2023"]
[Source "ChessBase"]
[SourceDate "2022.10.05"]
[SourceVersion "1"]
[SourceVersionDate "2022.10.05"]
[SourceQuality "1"]
[WhiteTeam "Azerbaijan"]
[BlackTeam "Island"]
[WhiteTeamCountry "AZE"]
[BlackTeamCountry "ISL"]

1. d4 Nf6 2. Nf3 e6 3. g3 c5 4. Bg2 d5 5. 0-0 Nc6 6. c4 dxc4 7. Qa4 Bd7 8. Qxc4 cxd4 9. Nxd4 Nxd4 10. Qxd4 Bb5 11. Qe5 Nd5 12. Nc3 Nxc3 13. Qxc3 Rc8 14. Qb3 Bxe2 15. Re1 Ba6 16. Bxb7 Bxb7 17. Qxb7 Qc7 18. Qa6 Bc5 19. Bf4 Qc6 20. Qxc6+ Rxc6 21. Rac1 Kd7 22. Red1+ Rd6 23. Bxd6 Bxd6 24. Rc4 Ke7 25. Rc6 Be5 26. b3 Rd8 27. Rxd8 Kxd8 28. Kg2 Ke7 29. Kf3 Bd4 30. Rc7+ Kf6 31. b4 Kg6 32. a4 f6 33. b5 Bb6 34. Rb7 Bd4 35. a5 e5 36. b6 axb6 37. a6 1-0

[Event "EU-ch 21st"]
[Site "Reykjavik"]
[Date "2021.08.27"]
[Round "2"]
[White "Gudnyjarson, Sigurdur Pall"]
[Black "Ptacnikova, Lenka"]
[Result "0-1"]
[WhiteElo "1207"]
[BlackElo "2109"]
[PlyCount "70"]
[EventDate "2021.08.26"]
[EventType "swiss"]
[EventRounds "11"]
[EventCountry "ISL"]
[SourceTitle "CBM 204"]
[Source "ChessBase"]
[SourceDate "2021.10.31"]
[SourceVersion "1"]
[SourceVersionDate "2021.10.31"]
[SourceQuality "1"]

1. d4 d6 2. Nf3 Bg4 3. e3 Nf6 4. c4 g6 5. Nc3 Bg7 6. h3 Bd7 7. Bd3 0-0 8. Qb3 b6 9. Qc2 c5 10. d5 Na6 11. a3 Nc7 12. 0-0 a6 13. Rb1 b5 14. e4 bxc4 15. Bxc4 Nb5 16. Bxb5 axb5 17. b3 b4 18. axb4 cxb4 19. Ne2 Nxd5 20. Bd2 Nc3 21. Nxc3 bxc3 22. Be3 Qa5 23. Bd4 Rfc8 24. Bxg7 Kxg7 25. Rfc1 Qb4 26. Qd3 Bb5 27. Qd4+ Qxd4 28. Nxd4 Bd3 29. Ra1 Rxa1 30. Rxa1 e5 31. Nf3 Bxe4 32. Rc1 Bxf3 33. gxf3 d5 34. Kf1 d4 35. Ke2 Kf6 0-1

[Event "Wch FIDE Online U10 Europe qual"]
[Site "Tornelo INT"]
[Date "2020.12.07"]
[Round "2"]
[White "Gudnyjarson, Sigurdur Pall"]
[Black "Herman Gamazo, Isaac"]
[Result "0-1"]
[WhiteElo "1010"]
[BlackElo "1431"]
[PlyCount "126"]
[EventDate "2020.12.07"]
[EventType "swiss (rapid)"]
[EventRounds "7"]
[EventCountry "ISS"]
[SourceTitle "EXT 2022"]
[Source "ChessBase"]
[SourceDate "2021.10.06"]
[SourceVersion "1"]
[SourceVersionDate "2021.10.06"]
[SourceQuality "1"]

1. d4 Nf6 2. c4 g6 3. Nc3 Bg7 4. Bg5 d6 5. Nf3 0-0 6. e3 h6 7. Bh4 g5 8. Bg3 Bf5 9. Bd3 Bg4 10. h3 Bh5 11. 0-0 Nc6 12. d5 Ne5 13. Bxe5 dxe5 14. Be2 Nh7 15. Nd2 Bxe2 16. Qxe2 f5 17. e4 f4 18. Qf3 Nf6 19. Rfe1 h5 20. Nf1 g4 21. hxg4 hxg4 22. Qe2 Qe8 23. Nh2 Qh5 24. Qd1 Kf7 25. Nf1 Rh8 26. f3 g3 27. Nxg3 fxg3 28. Kf1 Qh1+ 29. Ke2 Qxg2+ 30. Kd3 Rh2 31. Re2 Qxf3+ 32. Kd2 Bh6+ 33. Kc2 Rxe2+ 34. Qxe2 Qxe2+ 35. Nxe2 Nxe4 36. Rg1 Rg8 37. Kd3 Nf2+ 38. Kc2 g2 39. Nc3 Nh3 40. Re1 g1Q 41. Rxg1 Rxg1 42. Ne2 Rg2 43. Kd3 Rxe2 44. Kxe2 Nf4+ 45. Kf3 e6 46. dxe6+ Kxe6 47. Ke4 c5 48. Kf3 Nd3 49. b3 Nc1 50. Ke4 Nxa2 51. Kd3 Nc1+ 52. Kc2 Nxb3 53. Kxb3 a5 54. Ka4 e4 55. Kxa5 e3 56. Kb5 Kd6 57. Kb6 e2 58. Kxb7 e1Q 59. Kc8 Qe7 60. Kb8 Qc7+ 61. Ka8 Qd7 62. Kb8 Kc6 63. Ka8 Qb7# 0-1